000 00683nam a22002417a 4500
003 UA-OsUOA
001 110936
007 ta
008 20150415b un ||||| |||| 00| 0 ukr d
100 _aМельниченко В. Ю.
090 _a82.09
_bМ48
942 _cBK
040 _aUA-OsUOA
_bukr
_cUA-OsUOA
_dUA-OsUOA
245 _a"Тарас Шевченко: "Мій великий друг Щепкін"
300 _a480 с.
955 _a1
041 _aukr
080 _a82.09
020 _a978-5-373-02344-3
260 _aМ.
_bОЛМА Медиа Групп
_c2009
650 7 _a82 Література. Літературознавство
_2UDC
999 _c397218
_d397218